|
|
|
|
| LEADER |
00000nam0a2200000 4500 |
| 001 |
147230 |
| 005 |
20231031144954.0 |
| 035 |
|
|
|a (RuTPU)RU\TPU\book\159579
|
| 090 |
|
|
|a 147230
|
| 100 |
|
|
|a 20081111d1984 m y0rusy50 ca
|
| 101 |
0 |
|
|a rus
|
| 102 |
|
|
|a RU
|
| 105 |
|
|
|a a j 001zy
|
| 200 |
1 |
|
|a Гидравлика
|e учебник
|f Д. В. Штеренлихт
|
| 210 |
|
|
|a Москва
|c Энергоатомиздат
|d 1984
|
| 215 |
|
|
|a 640 с.
|c ил.
|
| 320 |
|
|
|a Предм. указ.: с. 623-632.
|
| 451 |
|
1 |
|0 (RuTPU)RU\TPU\book\82267
|y 5-9532-0142-7
|t Гидравлика
|o учебник
|f Д. В. Штеренлихт
|e 3-е изд., перераб. и доп.
|c М.
|n КолосС
|d 2005
|p 655 с.
|s Учебники и учебные пособия для студентов высших учебных заведений
|a Штеренлихт, Давид Вениаминович
|
| 610 |
1 |
|
|a учебники
|
| 610 |
1 |
|
|a гидравлика
|
| 610 |
1 |
|
|a ламинарные движения
|
| 610 |
1 |
|
|a турбулентное движение
|
| 610 |
1 |
|
|a жидкости
|
| 610 |
1 |
|
|a трубы
|
| 610 |
1 |
|
|a каналы
|
| 610 |
1 |
|
|a струи
|
| 610 |
1 |
|
|a равновесие
|
| 610 |
1 |
|
|a таблицы
|
| 610 |
1 |
|
|a графики
|
| 610 |
1 |
|
|a законы
|
| 675 |
|
|
|a 532(075.8)
|v 3
|
| 700 |
|
1 |
|a Штеренлихт
|b Д. В.
|g Давид Вениаминович
|
| 801 |
|
1 |
|a RU
|b 63413507
|c 20081111
|g PSBO
|
| 801 |
|
2 |
|a RU
|b 63413507
|c 20160801
|g PSBO
|
| 900 |
|
|
|a Основы гидравлики, гидрологии и гидрометрии
|
| 900 |
|
|
|a Гидравлика
|
| 942 |
|
|
|c BK
|